Boletín técnico N§ 1 al boletín técnico N§ 54: desde enero de 1973 a diciembre de 1996

Đã lưu trong:
Chi tiết về thư mục
Tác giả của công ty: Colegio de Contadores de Chile (Tác giả)
Định dạng: Sách
Ngôn ngữ:Tiếng Tây Ban Nha
Được phát hành: Santiago Colegio de Contadores de Chile 1997
Những chủ đề:
Các nhãn: Thêm thẻ
Không có thẻ, Là người đầu tiên thẻ bản ghi này!

MARC

LEADER 00000nam a2200000 a 4500
001 UCP5158
003 CL-VaPUC
008 990903e19970000CL |||||||||||||||||spa|d
082 0 4 |a 657  |b COL  |2 21 
110 2 |a Colegio de Contadores de Chile  |e author  |9 433317 
245 1 0 |a Boletín técnico N§ 1 al boletín técnico N§ 54: desde enero de 1973 a diciembre de 1996 
300 |a pág. irreg 
942 |c BK 
945 |d 19990903 00:00:00  |a rbrito 
260 |a Santiago  |b Colegio de Contadores de Chile  |c 1997 
500 |a Incluye en forma separada Boletín Técnico Nº 55 al Nº 68 
650 0 |a Contabilidad   |9 261430 
650 7 |a DERECHOS ADUANEROS  |2 CL-VaPUC  |9 433318 
650 0 |a Administración financiera  |9 261146 
650 0 |a Auditoría  |9 307008 
650 7 |a ESTADOS FINANCIEROS  |2 CL-VaPUC  |9 433319 
650 0 |a Inversiones  |9 261520 
583 |a last modification  |c 19990903 00:00:00  |k Rodrigo Vera 
999 |c 282951  |d 282949 
952 |0 0  |1 0  |4 0  |6 657_000000000000000_COL_1997  |7 0  |8 P  |9 325628  |a BIBGIM  |b BIBGIM  |d 2019-11-20  |i 3536815  |o 657 COL 1997  |p 3536815  |r 2025-01-15  |w 2019-11-20  |y BK  |k COM 
952 |0 0  |1 0  |4 0  |6 657_000000000000000_COL_1997  |7 0  |8 P  |9 325629  |a BIBGIM  |b BIBGIM  |d 2019-11-20  |i 3536823  |o 657 COL 1997  |p 3536823  |r 2025-01-15  |w 2019-11-20  |y BK  |k COM 
952 |0 0  |1 0  |4 0  |6 657_000000000000000_COL_1997  |7 0  |8 P  |9 325630  |a BIBGIM  |b BIBGIM  |d 2019-11-20  |i 3536831  |o 657 COL 1997  |p 3536831  |r 2025-01-15  |w 2019-11-20  |y BK  |k COM 
952 |0 0  |1 0  |4 0  |6 657_000000000000000_COL_1997  |7 0  |8 P  |9 325631  |a BIBGIM  |b BIBGIM  |d 2019-11-20  |i 353684K  |o 657 COL 1997  |p 353684K  |r 2025-01-15  |w 2019-11-20  |y BK  |k COM 
952 |0 0  |1 0  |4 0  |6 657_000000000000000_COL_1997  |7 0  |8 P  |9 325632  |a BIBGIM  |b BIBGIM  |d 2019-11-20  |i 3611698  |o 657 COL 1997  |p 3611698  |r 2025-01-15  |w 2019-11-20  |y BK  |k COM 
952 |0 0  |1 0  |4 0  |6 657_000000000000000_COL_1997  |7 0  |8 P  |9 325633  |a BIBGIM  |b BIBGIM  |d 2019-11-20  |i 3611701  |o 657 COL 1997  |p 3611701  |r 2025-01-15  |w 2019-11-20  |y BK  |k COM 
952 |0 0  |1 0  |4 0  |6 657_000000000000000_COL_1997  |7 0  |8 P  |9 325634  |a BIBGIM  |b BIBGIM  |d 2019-11-20  |i 361171K  |o 657 COL 1997  |p 361171K  |r 2025-01-15  |w 2019-11-20  |y BK  |k COM 
952 |0 0  |1 0  |4 0  |6 657_000000000000000_COL_1997  |7 0  |8 P  |9 325635  |a BIBGIM  |b BIBGIM  |d 2019-11-20  |i 3611728  |o 657 COL 1997  |p 3611728  |r 2025-01-15  |w 2019-11-20  |y BK  |k COM 
952 |0 0  |1 0  |4 0  |6 657_000000000000000_COL_1997  |7 0  |8 P  |9 325636  |a BIBGIM  |b BIBGIM  |d 2019-11-20  |i 3611736  |o 657 COL 1997  |p 3611736  |r 2025-01-15  |w 2019-11-20  |y BK  |k COM 
952 |0 0  |1 0  |4 0  |6 657_000000000000000_COL_1997  |7 0  |8 P  |9 325637  |a BIBGIM  |b BIBGIM  |d 2019-11-20  |i 3611744  |o 657 COL 1997  |p 3611744  |r 2025-01-15  |w 2019-11-20  |y BK  |k COM 
952 |0 0  |1 0  |4 0  |6 657_000000000000000_COL_1997  |7 0  |8 P  |9 325638  |a BIBGIM  |b BIBGIM  |d 2019-11-20  |i 3611752  |o 657 COL 1997  |p 3611752  |r 2025-01-15  |w 2019-11-20  |y BK  |k COM 
952 |0 0  |1 0  |4 0  |6 657_000000000000000_COL_1997  |7 0  |8 P  |9 325639  |a BIBGIM  |b BIBGIM  |d 2019-11-20  |i 3611760  |o 657 COL 1997  |p 3611760  |r 2025-01-15  |w 2019-11-20  |y BK  |k COM 
952 |0 0  |1 0  |4 0  |6 657_000000000000000_COL_1997  |7 0  |8 P  |9 325640  |a BIBGIM  |b BIBGIM  |d 2019-11-20  |i 3611779  |o 657 COL 1997  |p 3611779  |r 2025-01-15  |w 2019-11-20  |y BK  |k COM 
952 |0 0  |1 0  |4 0  |6 657_000000000000000_COL_1997  |7 0  |8 P  |9 325641  |a BIBGIM  |b BIBGIM  |d 2019-11-20  |i 3611787  |o 657 COL 1997  |p 3611787  |r 2025-01-15  |w 2019-11-20  |y BK  |k COM